Compreender a gravidez (Registo nº 1093)

Detalhes MARC
000 -Etiqueta do registo
Cabeçalho 01028nam a2200325 i 4500
005 - Identificador da versão
Campo de controlo 20240813121825.0
010 ## - Número internacional normalizado dos livros (ISBN)
Número (ISBN) 9789720351104
021 ## - Número do Depósito Legal
Código do país PT
Número 246497/06
100 ## - Dados gerais de processamento
Dados gerais de processamento 20081007e2007 m y0pory5003 ba
102 ## - Pais de publicação ou produção
País de publicação Portugal
101 1# - Língua de publicação
Língua do texto, banda sonora, etc. Português
Língua do documento no original Inglês
106 ## - Campo de dados codificados: material textual
Dados codificados do material textual r
105 ## - Campo de dados codificados: livros
Dados codificados dos livros a z 001yy
215 ## - Descrição física 
Indicação específica da natureza do documento e extensão da espécie 160 p.
Outras indicações físicas il.
Dimensões 19 cm
200 1# - Titulo e menção de responsabilidade
Título próprio Compreender a gravidez
Primeira menção de responsabilidade Norman C. Smith
Outras menções de responsabilidade adapt. Cristina Seabra Ferreira
-- rev. cient. Filomena Cardoso, João Luís Silva Carvalho
225 2# - Colecção 
Título próprio da colecção Guia de saúde
205 ## - Menção da edição
Menção da edição [1a ed.
Outras menções de edição 1a reimp.]
210 ## - Publicação, Distribuição, etc. 
Lugar da edição, distribuição, etc. Porto
Nome do editor, distribuidor, etc. Porto Editora
Data da publicação, distribuição, etc. 2007
304 ## - Notas relativas a título e menção de responsabilidade 
Texto da nota Tít. orig.: Understanding pregnancy
675 ## - Classificação Decimal Universal (CDU)
Notação 612.63(035)
Edição BN
Língua da edição por
Notação 618.2/.7(035)
Edição BN
Língua da edição por
702 #1 - Nome de autor-pessoa física (responsabilidade secundária)
Número de registo de entrada de autoridade 0001471
Palavra de ordem Cardoso
Outra parte do nome não tomada para palavra de ordem Filomena
Código de função Revisor
Número de registo de entrada de autoridade 0001472
ID Autoridade 3
Palavra de ordem Ferreira
Outra parte do nome não tomada para palavra de ordem Cristina
Código de função Adaptador
Número de registo de entrada de autoridade 0001473
Palavra de ordem Carvalho
Outra parte do nome não tomada para palavra de ordem João Luís Mendonça da Silva
Código de função Revisor
700 #1 - Nome de autor-pessoa física (responsabilidade principal)
Número de registo de entrada de autoridade 0001470
Palavra de ordem Smith
Outra parte do nome não tomada para palavra de ordem Norman C.
942 ## - Elementos de entrada adicionados (Koha)
Tipo de item no Koha Livro
Exemplares
Situação do levantamento Origin of item (home branch) (coded) Biblioteca de empréstimo Código de barras Cota Circulation type (not for loan) Tipo de documento Nota do exemplar Damaged status
  Biblioteca Escolar Eng. Nuno Mergulhão Biblioteca Escolar Eng. Nuno Mergulhão BENM1981 612 SMI   Livro Sem mensagem